1493 1766 1162 1107 1028 1127 1503 1775 1839 1480 1020 1989 1875 1673 1769 1322 1741 1872 1307 1802 1024 1686 1181 1098 1577 1000 1260 1053 1740 1595 1806 1771 1004 1448 1622 1648 1178 1174 1796 1380 1851 1970 1368 1246 1750 1617 1758 1101 1029 1074 1800 1297 1056 1337 1744 1224 1097 1707 1218 1574 1794 1524 1578 1313 1175 1258 1110 1953 1026 1018 1007 1366 1437 1570 1024 1623 1335 1369 1772 1520 1070 1922 1334 1347 1164 1131 1610 1277 1570 1702 1992 1413 1472 1239 1465 1192 1538 1717 1989 BCNSPRNW ULIB Ver.6.0+V

เปลี่ยนเป็นภาษาไทย

Change to English
 แสดงรายละเอียดบรรณานุกรม
  กลับหน้าหลัก

Brief Record : Get Marc (ISO 2709) : E-mail record : QR code < ปิดหน้าต่าง
LEADER : 00000nam 2200000uu 4500
001    13399107877
003     ULIB
008    110209s2543||||th 000 0 tha d
020    9748581039
060 04 WY163^bก491 2543
245 00 การผันแปรออกซิเจนและการระบายอากาศ การพยาบาลทางอายุรศาสตร์=^bOxygenation and ventilation Medical Nursing /^cปราณี ทู้ไพเราะ, บรรณาธิการ
246 31 Oxygenation and ventilation Medical Nursing
250    พิมพ์ครั้งที่ 1
260    กรุงเทพฯ :^bภาควิชาการพยาบาลอายุรศาสตร์ คณะพยาบาลศาสตร์มหาวิทยาลัยมหิดล,^c2543
300    218 หน้า :^bภาพประกอบ ;^c26 ซม.
536 ได ้รับการสนับสนุนจากทุนส่งเสริมการศึกษาของสมาคมศิษย์เก่าพยาบาลศิริราชในพระบรมราชูปถัมภ์ของสมเด็จพระศรีนครินทราบรมราชชนนี
650  7 การหายใจ, ระบบ
650  7 ทางเดินอากาศหายใจ, โรค^xการพยาบาล
650  7 หัวใจร่วมหลอดเลือด, โรค^xการพยาบาล
650  7 ออกซิเจน
650  7 การพยาบาลอายุรศาสตร์
700 0  ปราณี ทู้ไพเราะ,^eบรรณาธิการ
710 2  มหาวิทยาลัยมหิดล. ^bคณะพยาบาลศาสตร์.^bภาควิชาการพยาบาลอายุรศาสตร์
945    ^p220^l0^i014444
945    ^p220^l0^i014443
945    ^p220^l0^i012988
945    ^p220^l0^i012987
945    ^p220^l0^i012985
945    ^p220^l0^i012984
945    ^p220^l0^i014445
945    ^p220^l0^i012986
995    เกษร
999 ^a ใช้งานได้ทุกระบบ
รายการนี้ยังไม่มีแท็ก
คุณยังไม่ได้ล็อกอิน คุณสามารถมีกิจกรรมร่วมกับเว็บไซต์ได้ แต่ต้องล็อกอินก่อน ::
  ล็อกอิน

รายการสื่อสารสนเทศ

ลำดับที่ ประเภท เลขเรียก/บาร์โค้ด สถานที่ สถานะ
- ไม่พบข้อมูล -

รายการใกล้เคียง
    หัวเรื่อง [การหายใจ, ระบบ]
    หัวเรื่อง [ออกซิเจน]
    หัวเรื่อง [การพยาบาลอายุรศาสตร์]

BibComment


ยังไม่เคยถูกคอมเมนท์

คอมเมนท์ทรัพยากรรายการนี้
  คอมเมนท์: การผันแปรออกซิเจน..


 Copyright 2026. Bcnsprnw @Library